| 000 | 01198cam a22003615a 4500 | ||
|---|---|---|---|
| 003 | EG-ScBUE | ||
| 005 | 20220315140157.0 | ||
| 008 | 081221s2004 ua f 000 f eng d | ||
| 020 | _a0385264593 | ||
| 020 | _a0385264607 (pbk.) | ||
| 020 | _a9789774241604 | ||
| 020 | _a9774241606 | ||
| 040 |
_aEG-ScBUE _beng _erda _cEG-ScBUE _dEG-ScBUE |
||
| 041 | 1 |
_aeng _hara |
|
| 082 | 0 | 4 |
_a892.736 _bMAH _222 |
| 100 | 1 |
_aMaḥfūẓ, Najīb, _d1911-2006, _eauthor. |
|
| 245 | 1 | 4 |
_aThe search / _cNaguib Mahfouz ; translated by Mohamed Islam ; edited by Magdi Wahba. |
| 250 | _aSixth printing. | ||
| 264 | 1 |
_aCairo : _bThe American University in Cairo Press, _c2004. |
|
| 300 |
_a133 pages ; _c22 cm. |
||
| 336 |
_2rdacontent _atext _btxt |
||
| 337 |
_2rdamedia _aunmediated _bn |
||
| 338 |
_2rdacarrier _avolume _bnc |
||
| 490 | 0 | _aModern Arabic writing | |
| 546 | _aText in English ; translated from the original Arabic. | ||
| 650 | 7 |
_2BUEsh _a Arabic fiction _xTranslations into English. |
|
| 651 | _2BUEsh | ||
| 653 |
_bARALIT _cAugust2015 |
||
| 655 |
_vReading book _934232 |
||
| 700 | 1 |
_aWahba, Magdi, _91514 _eeditor. |
|
| 700 | 1 |
_aIslam, Mohamed, _91515 _etranslator. |
|
| 942 |
_cBB _2ddc |
||
| 999 |
_c2677 _d2677 |
||